Dramatic scripts of Allan Davis, (Record no. 43484)

MARC details
000 -LEADER
fixed length control field 01265cpcaa2200289 4500
001 - CONTROL NUMBER
control field mm 82017863
003 - CONTROL NUMBER IDENTIFIER
control field DLC
005 - DATE AND TIME OF LATEST TRANSACTION
control field 20260227111713.0
008 - FIXED-LENGTH DATA ELEMENTS--GENERAL INFORMATION
fixed length control field 820422|||||||||||| eng
010 ## - LIBRARY OF CONGRESS CONTROL NUMBER
LC control number mm 82017863
040 ## - CATALOGING SOURCE
Original cataloging agency DLC
Transcribing agency DLC
Description conventions dacs
Modifying agency DLC
072 #7 - SUBJECT CATEGORY CODE
Subject category code L
Source lcmd
100 1# - MAIN ENTRY--PERSONAL NAME
Personal name Davis, Allan,
Dates associated with a name 1885-1929.
245 00 - TITLE STATEMENT
Title Dramatic scripts of Allan Davis,
Inclusive dates undated.
300 ## - PHYSICAL DESCRIPTION
Extent 11
Type of unit items.
300 ## - PHYSICAL DESCRIPTION
Extent 1
Type of unit container.
506 0# - RESTRICTIONS ON ACCESS NOTE
Terms governing access Open to research.
520 8# - SUMMARY, ETC.
Summary, etc. Eleven typewritten plays by Allan Davis, Anna R. Stratton, and Cornelia E. Vencill, entitled "Daylight Dark," "Gloomy Fanny," "Gipsy Fires," "A House Divided," "The Inward Light," "The Iron Door," "The Promised Land," "On Vengeance Height," "The Quest of Happiness," "Victims," and "Wolves."
545 0# - BIOGRAPHICAL OR HISTORICAL DATA
Biographical or historical data Playwright.
546 ## - LANGUAGE NOTE
Language note Collection material in English.
650 #0 - SUBJECT ADDED ENTRY--TOPICAL TERM
Topical term or geographic name entry element Drama
Form subdivision Stories, plots, etc.
656 #7 - INDEX TERM--OCCUPATION
Occupation Dramatists.
Source of term itoamc
700 1# - ADDED ENTRY--PERSONAL NAME
Personal name Stratton, Anna Reese.
Title of a work Anna Reese Stratton papers.
700 1# - ADDED ENTRY--PERSONAL NAME
Personal name Vencill, Cornelia E.
Title of a work Cornelia E. Vencill papers.

No items available.

Powered by Koha